000 01176nam a2200313 a 4500
001 vtls001465617
003 NLI
005 20210627125655.0
008 121201s1978 tnua f000 0 eng
039 9 _y201212011831
_zVLOAD
040 _aNLI
_beng
_cDatasoft_FOD
_eAACR2
041 0 _aeng
044 _a tnu
082 0 4 _a 358.220976855
100 1 _aJohnson, Leland R.
_9738902
245 1 0 _aEngineers on the twin rivers :
_ba history of the Nashville District Corps of Engineers, United States Army /
_cby Leland R. Johnson ; design & ill. by James A. Crutchfield
260 _aNashville :
_bU.S. Army Engineer District--Nashville,
_c1978
300 _ax, 330 p. :
_bill. ;
_c28 cm.
610 2 0 _aUnited States.
_bArmy.
_bCorps of Engineers.
_bNashville District
_xHistory
_91022026
650 0 _aMilitary engineering
_zUnited States
_zTennessee river
_xHistory
_91022027
651 0 _aCumberland River (Ky. and Tenn.)
_91022028
651 0 _aTennessee River
_91022029
887 _a
901 _aAD 76631
_b02.08.2010
902 _aU.S 358.220976855 J 634
904 _lC 775
949 _AVIRTUAITEM
_D10002
_X100
_6FOD000076631ENG
942 _2ddc
_cBKS
999 _aVIRTUA40
_c915526
_d915526